[Event "Ch Rheinland"]
[Site "masterchessopen.com - masterchessopen.com - Lahnstein (Germany)"]
[Round "5"]
[White "Puth Dieter (GER)"]
[Black "Kuhn Juergen (GER)"]
[Result "1-0"]
[WhiteElo "2212"]
[BlackElo "2093"]

1.d4 Nf6 2.c4 c5 3.d5 b5 4.cxb5 a6 5.e3 e6 6.dxe6 fxe6 7.Nf3 Be7 8.Nbd2 Bb7
9.b3 O-O 10.Bb2 Ne4 11.Bd3 d5 12.Qc2 Bf6 13.Bxf6 Qxf6 14.O-O Qg6 15.Ne5 Qf5
16.Bxe4 dxe4 17.Nec4 Bd5 18.Nb6 Ra7 19.Qxc5 axb5 20.Nxd5 {#r} 1-0

[Event "Ch World (juniors) (under 18) (g)"]
[Site "masterchessopen.com - masterchessopen.com - Oropesa (Spain)"]
[Round "4"]
[White "Plachkinova Tatjana G (BUL)"]
[Black "Klawonn Malin (GER)"]
[Result "1-0"]
[WhiteElo "2070"]
[BlackElo "2078"]

1.d4 Nf6 2.c4 c5 3.d5 b5 4.cxb5 a6 5.b6 e6 6.Nc3 exd5 7.Nxd5 Nxd5 8.Qxd5 Nc6
9.Nf3 Rb8 10.e4 Be7 11.Bc4 O-O 12.O-O Qxb6 13.Ng5 Nb4 14.Qe5 Bf6 15.Qg3 d6
16.Bf4 Be7 17.Rad1 h6 18.Bxd6 Bxd6 19.Rxd6 Qc7 20.Nxf7 {#r} 1-0

[Event "Ch Poland (team) (2nd liga)"]
[Site "masterchessopen.com - masterchessopen.com - Polanica Zdroj (Poland)"]
[Round "1"]
[White "Wesolowski Tadeusz (POL)"]
[Black "Kopczyk Daniel (POL)"]
[Result "0-1"]
[WhiteElo "2221"]
[BlackElo "2158"]

1.d4 Nf6 2.c4 c5 3.d5 b5 4.cxb5 a6 5.b6 Qxb6 6.Nc3 g6 7.e4 d6 8.Nf3 Bg7 9.Be2
O-O 10.Nd2 Nbd7 11.O-O Rb8 12.Qc2 Ne8 13.a4 Qa7 14.b3 Ne5 15.h3 f5 16.Bb2 f4
17.Rab1 f3 18.Nxf3 Nxf3+ 19.Bxf3 Bxh3 20.Be2 Bc8 {#R} 0-1

[Event "VK1 1999/00"]
[Site "masterchessopen.com - masterchessopen.com - Ruhrgebiet (Germany)"]
[Round "2"]
[White "Neumann Carsten (GER)"]
[Black "Raygrotzki Norbert (GER)"]
[Result "1-0"]
[WhiteElo "2152"]
[BlackElo "1985"]

1.d4 Nf6 2.c4 c5 3.d5 b5 4.cxb5 a6 5.b6 Qxb6 6.Nc3 e6 7.e4 Bb7 8.Nf3 exd5
9.exd5 Be7 10.Ne5 Qc7 11.Nc4 O-O 12.d6 Qd8 13.dxe7 Qxe7+ 14.Qe2 Re8 15.Qxe7
Rxe7+ 16.Kd1 d5 17.Nd6 Ng4 18.Kc2 Nxf2 19.Rg1 Bc6 20.Nc8 Re5 21.Bf4 Rf5 {#r}
1-0

[Event "Ch Pan-American (w)"]
[Site "masterchessopen.com - masterchessopen.com - San Felipe (Venezuela)"]
[Round "7"]
[White "Chang Suzana (BRA)"]
[Black "Sanchez Castillo Sarai (VEN)"]
[Result "1-0"]
[WhiteElo "2001"]
[BlackElo "2085"]

1.d4 c5 2.d5 Nf6 3.c4 b5 4.cxb5 a6 5.f3 e6 6.e4 exd5 7.e5 Qe7 8.Qe2 Ng8 9.Nc3
Bb7 10.Nh3 f6 11.Nf4 Qxe5 12.Nfxd5 Bxd5 13.Nxd5 Bd6 14.Nb6 Ra7 15.Nc8 Kd8
16.Qxe5 {#r} 1-0

[Event "It (cat.10)"]
[Site "masterchessopen.com - masterchessopen.com - Schwerin (Germany)"]
[Round "1"]
[White "Levin Felix (GER)"]
[Black "Ellers Holger (GER)"]
[Result "0-1"]
[WhiteElo "2531"]
[BlackElo "2426"]

1.d4 Nf6 2.c4 c5 3.d5 b5 4.cxb5 a6 5.b6 e6 6.Nc3 exd5 7.Nxd5 Nxd5 8.Qxd5 Nc6
9.Nf3 Rb8 10.Ne5 Qf6 11.Nxc6 dxc6 12.Qe4+ Be7 13.Bd2 Qxb2 14.Rb1 Qxa2 15.e3 f5
16.Bc4 Qxd2+ 17.Kxd2 fxe4 18.Rb3 Rf8 {#R} 0-1

[Event "It (open)"]
[Site "masterchessopen.com - masterchessopen.com - Seefeld (Austria)"]
[Round "3"]
[White "Timoscenko Gennadij (SVK)"]
[Black "Thoeny Hermann (AUT)"]
[Result "1-0"]
[WhiteElo "2536"]
[BlackElo "2221"]

1.d4 Nf6 2.c4 c5 3.d5 b5 4.cxb5 a6 5.Nc3 axb5 6.e4 b4 7.Nb5 d6 8.Bf4 g5 9.Bxg5
Nxe4 10.Bf4 Qa5 11.Bc4 Bg7 12.Qe2 f5 13.f3 b3+ 14.Kd1 O-O 15.fxe4 Na6 16.e5
Bd7 17.Nc3 Rab8 18.Bxa6 {#r} 1-0

[Event "Ch Asturia (team) 1999/00"]
[Site "masterchessopen.com - masterchessopen.com - Spain"]
[Round "5"]
[White "Rodriguez Uria Julio Antonio (ESP)"]
[Black "Sanchez Repullo Daniel (ESP)"]
[Result "1-0"]
[WhiteElo "2225"]
[BlackElo "2236"]

1.d4 Nf6 2.c4 c5 3.d5 b5 4.cxb5 a6 5.Nc3 Qa5 6.e3 axb5 7.Bxb5 Bb7 8.Bd2 Na6
9.a4 Nb4 10.Nf3 Qc7 11.e4 g6 12.O-O Bg7 13.d6 exd6 14.Bf4 O-O 15.Bxd6 Qb6
16.Bxf8 Bxf8 17.e5 Nfd5 18.Bc4 {#r} 1-0

[Event "Ch Switzerland (team)"]
[Site "masterchessopen.com - masterchessopen.com - Switzerland"]
[Round "4"]
[White "Loetscher Roland (SUI)"]
[Black "Sedina Elena (ITA)"]
[Result "0-1"]
[WhiteElo "2209"]
[BlackElo "2398"]

1.d4 Nf6 2.c4 c5 3.d5 b5 4.cxb5 a6 5.f3 g6 6.e4 Bg7 7.Na3 O-O 8.Ne2 e6 9.Nc3
Bb7 10.Be2 exd5 11.exd5 axb5 12.Naxb5 Qb6 13.O-O Na6 14.Bf4 Nh5 15.Be3 Rfe8
16.Qd2 Nc7 17.Nxc7 Qxc7 18.Kh1 Bxc3 19.Qxc3 Qe5 20.Qxe5 Rxe5 21.Bg5 Rxe2 {#R}
0-1

[Event "Ch Mittelfranken (HT)"]
[Site "masterchessopen.com - masterchessopen.com - Puschendorf (Germany)"]
[Round "2"]
[White "Weiss Michael (GER)"]
[Black "Kotz Reinhard (GER)"]
[Result "1-0"]
[WhiteElo "2077"]
[BlackElo "2148"]

1.d4 Nf6 2.c4 c5 3.d5 b5 4.cxb5 a6 5.b6 Qxb6 6.Nc3 e6 7.e4 Bb7 8.Nf3 g6 9.Be2
exd5 10.e5 Ne4 11.Nxd5 Qa5+ 12.Kf1 c4 13.Bxc4 Qc5 14.Qd4 Qxd4 15.Nxd4 Kd8
16.f3 Nc5 17.Bg5+ Kc8 18.Nb6+ Kc7 19.Nxa8+ Bxa8 20.Bf6 {#r} 1-0

[Event "It (open)"]
[Site "masterchessopen.com - masterchessopen.com - Bad Harzburg (Germany)"]
[Date "1999.11.24"]
[Round "1"]
[White "Cuno Thomas (GER)"]
[Black "Olzem Lothar (GER)"]
[Result "0-1"]
[WhiteElo "2101"]
[BlackElo "2188"]

1.d4 Nf6 2.c4 c5 3.d5 b5 4.cxb5 a6 5.e3 g6 6.Nc3 Bg7 7.Nf3 O-O 8.Be2 d6 9.O-O
axb5 10.Bxb5 Qb6 11.Be2 Ba6 12.Re1 Nbd7 13.Nd2 Rfb8 14.Rb1 Ne5 15.Qc2 Bxe2
16.Rxe2 Qa6 17.e4 Nd3 18.a3 Ng4 19.Nf3 Bxc3 {#R} 0-1

[Event "Ch Paulista"]
[Site "masterchessopen.com - masterchessopen.com - Americana (Brazil)"]
[Round "2"]
[White "De Souza Mauro (BRA)"]
[Black "Dianda Joao Carlos (BRA)"]
[Result "1-0"]
[WhiteElo "2337"]
[BlackElo "2131"]

1.d4 Nf6 2.c4 c5 3.d5 b5 4.cxb5 a6 5.b6 e6 6.Nc3 exd5 7.Nxd5 Nxd5 8.Qxd5 Nc6
9.Nf3 Rb8 10.Bd2 Qxb6 11.Bc3 d6 12.e4 Be6 13.Qd1 f6 14.Nd2 Ne5 15.f4 Nd7
16.Bc4 Bxc4 17.Nxc4 Qc6 18.O-O Nb6 19.Qh5+ {#r} 1-0

[Event "It (open)"]
[Site "masterchessopen.com - masterchessopen.com - Bad Wiessee (Germany)"]
[Round "2"]
[White "Golod Vitali (ISR)"]
[Black "Danzer George (GER)"]
[Result "1-0"]
[WhiteElo "2590"]
[BlackElo "2198"]

1.d4 Nf6 2.c4 c5 3.d5 b5 4.cxb5 a6 5.Nc3 e6 6.e4 Bb7 7.Nf3 axb5 8.Bxb5 Qa5
9.Qe2 Be7 10.Bd2 Qb6 11.d6 Bf8 12.O-O h5 13.h3 Nc6 14.e5 Ng4 15.Na4 Qa7
16.Rac1 Ngxe5 17.Nxe5 Bxd6 18.Bc3 Qb8 19.Bxc6 dxc6 20.b3 Ba6 21.Qe4 {#r} 1-0

[Event "It (open)"]
[Site "masterchessopen.com - masterchessopen.com - Bosnjaci (Croatia)"]
[Round "3"]
[White "Martic Zlatko (CRO)"]
[Black "Oreskovic Pero (CRO)"]
[Result "1-0"]
[WhiteElo "2272"]
[BlackElo "2068"]

1.d4 Nf6 2.c4 c5 3.d5 b5 4.cxb5 a6 5.Nc3 axb5 6.e4 b4 7.Nb5 d6 8.Bf4 Nbd7
9.Nf3 Nh5 10.Bg5 Nhf6 11.Qe2 Ba6 12.e5 Bxb5 13.Qxb5 dxe5 14.Nxe5 Ne4 15.Qc6
Nxg5 16.Nxd7 Qxd7 17.Qxa8+ {#r} 1-0

[Event "It (cat.1)"]
[Site "masterchessopen.com - masterchessopen.com - Bucharest (Romania)"]
[Round "4"]
[White "Vioreanu Bogdan-Gabriel (ROM)"]
[Black "Petre Nad-Titus (ROM)"]
[Result "1-0"]
[WhiteElo "2280"]
[BlackElo "2293"]

1.d4 Nf6 2.c4 c5 3.d5 b5 4.cxb5 a6 5.f3 axb5 6.e4 Qa5+ 7.Bd2 b4 8.Na3 d6 9.Nc4
Qd8 10.a3 bxa3 11.Rxa3 Rxa3 12.bxa3 g6 13.Qa4+ Bd7 14.Qa7 {#r} 1-0

[Event "It (open)"]
[Site "masterchessopen.com - masterchessopen.com - Cannes (France)"]
[Round "2"]
[White "Grandmougin Olivier (FRA)"]
[Black "Vasilev Milen (BUL)"]
[Result "0-1"]
[WhiteElo "2132"]
[BlackElo "2316"]

1.d4 Nf6 2.c4 c5 3.d5 b5 4.cxb5 a6 5.Nc3 d6 6.e4 Nbd7 7.Qc2 g6 8.b3 Bg7 9.Bb2
Qa5 10.Rc1 O-O 11.Nf3 axb5 12.Bxb5 Nxe4 13.Qxe4 Bxc3+ 14.Rxc3 Qxb5 15.a4 Nf6
16.Qh4 Qb4 17.Qh6 Qe4+ 18.Kd2 Qxd5+ 19.Rd3 Qh5 20.Qe3 Bf5 21.g4 Nxg4 {#R} 0-1

[Event "It (open)"]
[Site "masterchessopen.com - masterchessopen.com - Creon (France)"]
[Round "5"]
[White "Happel Hendrik A (NED)"]
[Black "Auque Bernard (FRA)"]
[Result "0-1"]
[WhiteElo "2216"]
[BlackElo "1897"]

1.d4 Nf6 2.c4 c5 3.d5 b5 4.cxb5 a6 5.f3 axb5 6.e4 d6 7.Bxb5+ Bd7 8.Bc4 g6
9.Ne2 Bg7 10.O-O O-O 11.Nec3 Qb6 12.b3 Bc8 13.Bb2 Nbd7 14.Nd2 Ne5 15.Qc2 Ba6
16.Rfb1 Rfb8 17.Bc1 Qa5 18.a4 Nfd7 19.Nb5 Nxc4 20.Nxc4 Qe1# 0-1

[Event "It (open)"]
[Site "masterchessopen.com - masterchessopen.com - Etang Sale (France)"]
[Round "9"]
[White "Duchene Nathalie"]
[Black "Roblet Charles (FRA)"]
[Result "0-1"]
[WhiteElo "1670"]
[BlackElo "2128"]

1.d4 Nf6 2.c4 c5 3.d5 b5 4.cxb5 a6 5.Nc3 axb5 6.e4 b4 7.Nb5 d6 8.Bf4 g5 9.e5
gxf4 10.exf6 Nd7 11.Nh3 Nxf6 12.Nxf4 Bf5 13.Bc4 Bg7 14.f3 Nd7 15.Qe2 Nb6
16.Nh5 Bh6 17.O-O Nxc4 18.Qxc4 e5 {#R} 0-1

[Event "Ch Hessen (seniors)"]
[Site "masterchessopen.com - masterchessopen.com - Frankfurt (Germany)"]
[Round "6"]
[White "Jugow Alexander (GER)"]
[Black "Wachweger Albrecht (GER)"]
[Result "1-0"]
[WhiteElo "2175"]
[BlackElo "2009"]

1.d4 Nf6 2.c4 c5 3.d5 b5 4.cxb5 a6 5.b6 Qxb6 6.Nc3 g6 7.e4 d6 8.Nf3 Nbd7 9.Be2
Bg7 10.O-O O-O 11.Nd2 Ne5 12.h3 Bd7 13.f4 c4+ 14.Kh2 Qd4 15.fxe5 Qxe5+ 16.Kh1
Bb5 17.a4 Bxa4 18.Rxa4 {#r} 1-0

[Event "It (open)"]
[Site "masterchessopen.com - masterchessopen.com - Kassel (Germany)"]
[Round "5"]
[White "Stein Marco (GER)"]
[Black "Markgraf Claudia (GER)"]
[Result "1-0"]
[WhiteElo "2078"]
[BlackElo "2015"]

1.d4 Nf6 2.c4 c5 3.d5 b5 4.cxb5 a6 5.Nc3 axb5 6.e4 b4 7.Nb5 d6 8.Bf4 Qb6 9.e5
dxe5 10.Bxe5 Na6 11.Bc4 Bd7 12.Qe2 Bxb5 13.Bxb5+ Nd7 14.Nf3 Ra7 15.O-O f6
16.Bg3 g6 17.Rfe1 Kf7 18.Qe6+ {#r} 1-0

[Event "It (open)"]
[Site "masterchessopen.com - masterchessopen.com - Korinthos (Greece)"]
[Round "2"]
[White "Garneli Evagelia"]
[Black "Radovanovic Dusan (SRB)"]
[Result "0-1"]
[WhiteElo "1820"]
[BlackElo "2331"]

1.d4 Nf6 2.c4 c5 3.d5 b5 4.cxb5 a6 5.b6 e6 6.Nc3 Nxd5 7.Nxd5 exd5 8.Qxd5 Nc6
9.e3 Be7 10.Bc4 O-O 11.Nf3 Rb8 12.O-O Rxb6 13.Bd2 Nb4 14.Bxb4 Bb7 15.Ba5 Bxd5
16.Bxd5 Bf6 17.Rac1 Qb8 18.Rxc5 Rb5 19.b4 Rxc5 20.bxc5 d6 21.cxd6 Qb5 {#R} 0-1

[Event "Ch OWL"]
[Site "masterchessopen.com - masterchessopen.com - Lippstadt (Germany)"]
[Round "7"]
[White "Bellers Frank (GER)"]
[Black "Funke Klaus (GER)"]
[Result "0-1"]
[WhiteElo "2200"]
[BlackElo "2021"]

1.d4 Nf6 2.c4 c5 3.d5 b5 4.cxb5 a6 5.Nc3 axb5 6.e4 b4 7.Nb5 d6 8.Bf4 g5 9.Be3
Nxe4 10.Bd3 Nf6 11.Qe2 Bg7 12.Bxg5 Kf8 13.Nh3 Bxh3 14.gxh3 Nbd7 15.Rg1 Ne5
16.Bf5 Ra5 17.Bd2 Rxb5 18.Qxb5 Nf3+ 19.Ke2 Nd4+ {#R} 0-1

[Event "It (open)"]
[Site "masterchessopen.com - masterchessopen.com - Madrid (Spain)"]
[Round "1"]
[White "Carceles Ruiz Francisco (ESP)"]
[Black "Kogan Artur (ISR)"]
[Result "0-1"]
[WhiteElo "2057"]
[BlackElo "2504"]

1.d4 Nf6 2.c4 c5 3.d5 b5 4.cxb5 a6 5.e3 Bb7 6.Nc3 e6 7.bxa6 Nxa6 8.Bc4 Nb4
9.e4 Nxe4 10.Nxe4 exd5 11.Nxc5 Bxc5 12.Be2 Rc8 13.Kf1 Ba7 14.Bf4 O-O 15.Nf3
Re8 16.a3 Nc2 17.Qd3 Qb6 18.Bg3 Rxe2 {#R} 0-1

[Event "It (open)"]
[Site "masterchessopen.com - masterchessopen.com - Passau (Germany)"]
[Round "4"]
[White "Hoenick Andreas (GER)"]
[Black "Gretzinger Heinz (GER)"]
[Result "1-0"]
[WhiteElo "2193"]
[BlackElo "1940"]

1.d4 Nf6 2.c4 c5 3.d5 b5 4.cxb5 a6 5.f3 axb5 6.e4 Bb7 7.Bxb5 Qa5+ 8.Nc3 g6
9.Bd2 Na6 10.e5 Nc7 11.a4 Ng8 12.d6 Ne6 13.Nd5 Qd8 14.dxe7 Bxe7 15.Bc3 Bxd5
16.Qxd5 f6 17.Qxe6 {#r} 1-0

[Event "Ch Rheinhessen (MT1)"]
[Site "masterchessopen.com - masterchessopen.com - Rheinhausen (Germany)"]
[Round "2"]
[White "Hegermann Frank (GER)"]
[Black "Wornath Kai Rudolf (GER)"]
[Result "0-1"]
[WhiteElo "2151"]
[BlackElo "2398"]

1.d4 Nf6 2.c4 c5 3.d5 b5 4.cxb5 a6 5.Nc3 axb5 6.e4 b4 7.Nb5 d6 8.Bf4 g5 9.Bxg5
Nxe4 10.Bf4 Nf6 11.Qe2 Ra6 12.Qf3 Bg7 13.Bc4 O-O 14.Ne2 Nbd7 15.O-O Nb6 16.Qd3
Nxc4 17.Qxc4 Ra5 18.a4 Ba6 19.Qb3 Qd7 20.Qf3 Ra8 {#R} 0-1

[Event "Memorial M.Chigorin (open)"]
[Site "masterchessopen.com - masterchessopen.com - St. Petersburg (Russia)"]
[Round "1"]
[White "Potapov Alexander (RUS)"]
[Black "Kryschilovskij Andrej (RUS)"]
[Result "1-0"]
[WhiteElo "2241"]
[BlackElo "2291"]

1.d4 Nf6 2.c4 c5 3.d5 b5 4.cxb5 a6 5.Nc3 g6 6.e4 d6 7.a4 axb5 8.Bxb5+ Nfd7
9.Nf3 Bg7 10.O-O O-O 11.Bf4 Ba6 12.Re1 Bxb5 13.axb5 Rxa1 14.Qxa1 Nb6 15.e5
dxe5 16.Bxe5 Nxd5 17.Bxg7 Kxg7 18.Rd1 e6 19.Nxd5 exd5 20.b4+ {#r} 1-0

[Event "Memorial M.Chigorin (open)"]
[Site "masterchessopen.com - masterchessopen.com - St. Petersburg (Russia)"]
[Round "1"]
[White "Ulko Jaroslav (RUS)"]
[Black "Pliasunov Aleksej (RUS)"]
[Result "1-0"]
[WhiteElo "2456"]
[BlackElo "2236"]

1.d4 Nf6 2.c4 c5 3.d5 b5 4.cxb5 a6 5.f3 axb5 6.e4 Qa5+ 7.Bd2 b4 8.Na3 d6 9.Nc4
Qd8 10.Ne2 g6 11.Nf4 Bg7 12.h4 h5 13.Bd3 O-O 14.g4 hxg4 15.h5 gxf3 16.Qxf3 Bg4
17.Qg2 Nbd7 18.h6 Ne5 19.Nxe5 dxe5 20.Qh2 {#r} 1-0

[Event "It (open)"]
[Site "masterchessopen.com - masterchessopen.com - Surfers Paradise (Australia)"]
[Round "9"]
[White "Kassa Peter (AUS)"]
[Black "Allen Andrew (AUS)"]
[Result "0-1"]
[WhiteElo "2003"]
[BlackElo "2260"]

1.d4 Nf6 2.c4 c5 3.d5 b5 4.cxb5 a6 5.f3 e6 6.e4 exd5 7.exd5 Bd6 8.f4 O-O 9.Nf3
Qb6 10.Na3 axb5 11.Nxb5 Re8+ 12.Kd2 Nxd5 13.Nxd6 Qxd6 14.Bd3 Ba6 15.Ne5 Nxf4
16.Qf3 Rxe5 {#R} 0-1

[Event "Ch France (accession)"]
[Site "masterchessopen.com - masterchessopen.com - Vichy (France)"]
[Round "6"]
[White "Brossard Armel (FRA)"]
[Black "Philippe Christophe (FRA)"]
[Result "1-0"]
[WhiteElo "2228"]
[BlackElo "2306"]

1.d4 Nf6 2.c4 c5 3.d5 b5 4.cxb5 a6 5.f3 axb5 6.e4 Qa5+ 7.Bd2 b4 8.Na3 d6 9.Nc4
Qd8 10.a3 bxa3 11.Rxa3 Rxa3 12.bxa3 g6 13.Qa4+ Qd7 14.Nxd6+ exd6 15.Bb5 Bg7
16.Bxd7+ Bxd7 17.Qa5 O-O 18.Ne2 Re8 19.Kf2 Nh5 20.Rb1 {#r} 1-0

[Event "It (open)"]
[Site "masterchessopen.com - masterchessopen.com - Vlissingen (Netherlands)"]
[Round "9"]
[White "Delemarre Jop (NED)"]
[Black "Amesz Jaap (NED)"]
[Result "1-0"]
[WhiteElo "2347"]
[BlackElo "2185"]

1.d4 Nf6 2.c4 c5 3.d5 b5 4.cxb5 a6 5.b6 d6 6.Nc3 g6 7.a4 a5 8.e4 Bg7 9.Bb5+
Bd7 10.b7 Ra7 11.Nf3 O-O 12.Nd2 Bxb5 13.axb5 Nfd7 14.Nc4 Nb6 15.Ne3 Qd7 16.h4
Bxc3+ 17.bxc3 Qxb5 18.Qc2 Nc4 19.Qe2 {#r} 1-0

[Event "It (open)"]
[Site "masterchessopen.com - masterchessopen.com - Werther (Germany)"]
[Round "5"]
[White "Menk Rolf (GER)"]
[Black "Schwarz Thomas Dr (GER)"]
[Result "1-0"]
[WhiteElo "2184"]
[BlackElo "2154"]

1.d4 Nf6 2.c4 c5 3.d5 b5 4.cxb5 a6 5.f3 axb5 6.e4 e6 7.Bxb5 Qa5+ 8.Nc3 Bb7
9.Ne2 exd5 10.exd5 Bxd5 11.O-O Be6 12.f4 g6 13.f5 gxf5 14.Ng3 Ne4 15.Ngxe4
fxe4 16.Qe2 c4 17.a4 Bc5+ 18.Kh1 Nc6 19.Nxe4 Nd4 20.Qh5 Be7 21.Qe5 {#r} 1-0

[Event "Ch Slovenia (team)"]
[Site "masterchessopen.com - masterchessopen.com - Bled (Slovenia)"]
[Round "1"]
[White "Soln Primoz (SLO)"]
[Black "Zorko Joze (SLO)"]
[Result "1-0"]
[WhiteElo "2415"]
[BlackElo "2135"]

1.d4 Nf6 2.c4 c5 3.d5 b5 4.cxb5 a6 5.b6 Qxb6 6.Nc3 d6 7.Nf3 g6 8.a4 Bg7 9.a5
Qb4 10.Nd2 O-O 11.Ra4 Qb7 12.e4 Bd7 13.Ra3 Qb4 14.Be2 Bb5 15.Bxb5 axb5 16.Rb3
Qxa5 17.Ra3 {#r} 1-0

[Event "It (cat.7)"]
[Site "masterchessopen.com - masterchessopen.com - Budapest (Hungary)"]
[Round "13"]
[White "Kallio Heikki (FIN)"]
[Black "Vajda Albert (ROM)"]
[Result "1-0"]
[WhiteElo "2517"]
[BlackElo "2416"]

1.d4 Nf6 2.c4 c5 3.d5 b5 4.cxb5 a6 5.e3 g6 6.Nc3 Bg7 7.bxa6 O-O 8.Nf3 d6 9.e4
Nbd7 10.h3 Bxa6 11.Bxa6 Rxa6 12.O-O Qa8 13.Re1 e6 14.dxe6 fxe6 15.Ng5 Re8
16.f4 Nh5 17.e5 Ng3 18.Nb5 {#r} 1-0

[Event "Ch Europe (juniors) (under 12)"]
[Site "masterchessopen.com - masterchessopen.com - Chalkidiki (Greece)"]
[Round "4"]
[White "Kuzubov Yuriy (UKR)"]
[Black "Maslowski Jakub (POL)"]
[Result "1-0"]
[WhiteElo "2623"]
[BlackElo "2034"]

1.d4 Nf6 2.c4 c5 3.d5 b5 4.cxb5 a6 5.b6 e6 6.Nc3 exd5 7.Nxd5 Nxd5 8.Qxd5 Nc6
9.Nf3 Rb8 10.e4 Bb7 11.Bc4 Qe7 12.O-O Na5 13.Qe5 Qxe5 14.Nxe5 f6 15.Bd2 Nxc4
16.Nxc4 d5 17.Bf4 Rd8 18.Na5 Rd7 19.Bc7 Bc8 20.exd5 {#r} 1-0

[Event "It (open)"]
[Site "masterchessopen.com - masterchessopen.com - Fourmies (France)"]
[Round "1"]
[White "Hareux Hubert (FRA)"]
[Black "Waquet Frederic (FRA)"]
[Result "1-0"]
[WhiteElo "2221"]
[BlackElo "1954"]

1.d4 Nf6 2.c4 c5 3.d5 b5 4.cxb5 a6 5.f3 Bb7 6.e4 e6 7.Nc3 exd5 8.e5 Qe7 9.Qe2
Ng8 10.Nh3 Qh4+ 11.g3 Qb4 12.Bd2 Qxb2 13.Qd1 Qa3 14.Nb1 {#r} 1-0

[Event "It (open)"]
[Site "masterchessopen.com - masterchessopen.com - Goch"]
[Round "6"]
[White "Becker Marcel (GER)"]
[Black "Langer Wolfgang (GER)"]
[Result "1-0"]
[WhiteElo "2304"]
[BlackElo "2088"]

1.d4 Nf6 2.c4 c5 3.d5 b5 4.cxb5 a6 5.b6 d6 6.Nc3 Nbd7 7.a4 Qxb6 8.a5 Qc7 9.e4
g6 10.f4 Bg7 11.Bc4 O-O 12.Nf3 Ne8 13.O-O Qa7 14.Qe2 Rb8 15.Kh1 Nc7 16.e5 Rb4
17.b3 Nb5 18.Na2 Rxc4 19.bxc4 {#r} 1-0

[Event "It (open)"]
[Site "masterchessopen.com - masterchessopen.com - Korinthos (Greece)"]
[Round "6"]
[White "Potapov Alexander (RUS)"]
[Black "Kounalakis Evryklis (GRE)"]
[Result "1-0"]
[WhiteElo "2246"]
[BlackElo "2186"]

1.d4 Nf6 2.c4 c5 3.d5 b5 4.cxb5 a6 5.Nc3 d6 6.e4 g6 7.Nf3 Bg7 8.h3 O-O 9.a4
axb5 10.Bxb5 Bd7 11.Bg5 Qc7 12.O-O Na6 13.Bc4 Qb7 14.b3 Nc7 15.Re1 Rfd8 16.e5
dxe5 17.Nxe5 Be8 18.Qf3 h6 19.Bxf6 exf6 20.Nxg6 f5 21.Ne7+ {#r} 1-0

[Event "Ch Russia (1/2 final)"]
[Site "masterchessopen.com - masterchessopen.com - Krasnodar (Russia)"]
[Round "0"]
[White "Goriachev A (RUS)"]
[Black "Borisov Sergey (RUS)"]
[Result "0-1"]
[WhiteElo "2083"]
[BlackElo "2115"]

1.d4 Nf6 2.c4 c5 3.d5 b5 4.cxb5 a6 5.b6 e6 6.Nc3 Nxd5 7.Nxd5 exd5 8.Qxd5 Nc6
9.Bg5 Qxb6 10.Rd1 Rb8 11.e3 Be7 12.Bf4 d6 13.b3 {#R} 0-1

[Event "Ch Russia (1/2 final)"]
[Site "masterchessopen.com - masterchessopen.com - Krasnodar (Russia)"]
[Round "0"]
[White "Spirin Alexey (RUS)"]
[Black "Chapliev Aleksandr (RUS)"]
[Result "0-1"]
[WhiteElo "2312"]
[BlackElo "2318"]

1.d4 Nf6 2.c4 c5 3.d5 b5 4.cxb5 a6 5.Nc3 axb5 6.e4 b4 7.Nb5 d6 8.Bf4 Nbd7
9.Nf3 Nb6 10.Rc1 Nxe4 11.Nfd4 g5 12.Bg3 Bg7 13.Nc6 Qd7 14.Qd3 Nf6 15.Qe2 Nfxd5
16.Nxd6+ Kf8 17.Ne5 Bxe5 18.Bxe5 f6 19.Qh5 exd6 {#R} 0-1

[Event "It (open)"]
[Site "masterchessopen.com - masterchessopen.com - Polanica Zdroj (Poland)"]
[Round "9"]
[White "Lada Marek (POL)"]
[Black "Averjanov Alexey (UKR)"]
[Result "0-1"]
[WhiteElo "2235"]
[BlackElo "2383"]

1.d4 Nf6 2.c4 c5 3.d5 b5 4.cxb5 a6 5.b6 e6 6.Nc3 Nxd5 7.Nxd5 exd5 8.Qxd5 Nc6
9.e4 Be7 10.Nf3 Rb8 11.Bc4 O-O 12.O-O Rxb6 13.Rd1 Na5 14.Qd3 Nxc4 15.Qxc4 Bb7
16.Qd3 Rd6 17.Qe2 Rxd1+ 18.Qxd1 Bxe4 19.Ne5 Bf6 20.Bf4 d6 {#R} 0-1

[Event "It (open)"]
[Site "masterchessopen.com - masterchessopen.com - Pula (Croatia)"]
[Round "6"]
[White "Babula Vlastimil (CZE)"]
[Black "Velickovic Zoran (SLO)"]
[Result "1-0"]
[WhiteElo "2565"]
[BlackElo "2355"]

1.d4 Nf6 2.c4 c5 3.d5 b5 4.cxb5 a6 5.e3 g6 6.Nc3 Bg7 7.a4 O-O 8.Bc4 Bb7 9.Nge2
axb5 10.Bxb5 e6 11.e4 exd5 12.exd5 Na6 13.O-O Nb4 14.Bg5 h6 15.Bh4 Re8 16.Bc4
Qa5 17.d6 Nbd5 18.Bxf6 Nxf6 19.Qb3 Qb4 20.Bxf7+ Kf8 21.Rfe1 {#r} 1-0